Los Órganos de representación del personal funcionario: delegados y juntas de personal : una visión crítica / Joan Mauri Majós delegados y juntas de personal :
Descripción Física:
127 p. : 24 cm
Colección:
Estudios de Relaciones Laborales ; 6
Materias:
Sindicats de funcionaris -- Catalunya
MARC
| LEADER | 00000nam a2200000Ia 4500 | ||
|---|---|---|---|
| 001 | 23635 | ||
| 008 | 160829s2012 xx 000 0 cat d | ||
| 080 | |a Bib-13 | ||
| 100 | |a Mauri Majós, Joan |9 15773 | ||
| 245 | |a Los Órganos de representación del personal funcionario: |b delegados y juntas de personal : |b una visión crítica / Joan Mauri Majós | ||
| 260 | |a [Barcelona] : |b Diputació de Barcelona, |c 2012 | ||
| 300 | |a 127 p. : |b 24 cm | ||
| 490 | |a Estudios de Relaciones Laborales ; 6 | ||
| 590 | |a A la coberta posterior: Cemical, Consorci d'estudis, mediació i conciliació a l'administració local. | ||
| 590 | |a Referències bibliogràfiques | ||
| 650 | |a Sindicats de funcionaris |x Catalunya |9 49671 | ||
| 710 | 1 | |a Consorci d'Estudis, Mediació i Conciliació a l'Administració Local (Barcelona) |9 52747 | |
| 710 | 1 | |a Barcelona (Catalunya : Província). |b Diputació |9 52408 | |
| 901 | |a Arxiu | ||
| 942 | |n 1 | ||
| 952 | |0 0 |1 0 |4 0 |6 BIB13 |7 1 |9 55795 |a Arxiu |b Arxiu |d 2016-12-01 |l 0 |o Bib-13 |p 23635 |r 2016-12-01 00:00:00 |w 2016-12-01 |y ARXIU | ||
| 999 | |c 59668 |d 59668 | ||